000 00605nam a2200253Ia 4500
005 20260121160847.0
008 008 260114s9999 xx 000 0 eng d
020 _a9781315850214
037 _aEBOOK
040 _aCRL
040 _beng
040 _cCRL
041 _2eng
041 _aeng
084 _qCRL
100 _a Carl Grodach; Renia Ehrenfeucht
_91037233
245 0 _aUrban Revitalization
260 _bTaylor and Francis
260 _c2016
856 _uhttp://www.taylorfrancis.com/books/9781315850214
942 _cEBOOK
999 _c1604049
_d1604049